01876nam a2200277 a 450000100060000000300080000600500170001400800390003103500130007003500190008304000350010204100080013708200150014524501040016026000860026430000370035050000560038750400410044350508870048460000410137165000240141265000230143665100520145965100520151170000350156317825BD-RjUL20211209000210.0140219s1962 nyuf b 011 0 eng a62-07773 a(BD-RjUL)17883 aBD-RjULbengcBD-RjULdBD-RjUL aeng a820.9bREA00aReason and the imagination :bstudies in the history of ideas, 1600-1800 /cedited by J. A. Mazzeo. aNew York :bColumbia University Press ;aLondon :bRoutledge & Kegan Paul,c1962. aviii, 321 p. :bplates ;c23 cm. aThe studies are in honor of Marjorie Hope Nicolson. aBibliographical footnotes and index.0 aNoble numbers and the poetry of devotion, by M. K. Starkman.--Cromwell as Davidic king, by J. A. Mazzeo.--The isolation of the Renaissance hero, by D. Bush.--The humanistic defence of learning in the mid-seventeenth century, by R. F. Jones.--Some paradoxes in the language of things, by R. L. Colie.--Milton's dialogue on astronomy, by A. O. Lovejoy.--Music, mirth, and Galenic tradition in England, by G. L. Finney.--Eve and Dalila: renovation and the hardening of the heart, by M. A. N. Radzinowicz.--The bird, the blind bard, and the fortunate fall, by A. D. Ferry.--The tragedy of God's Englishman, by W. Haller.--The Augustan conception of history, by H. Davis.--The Houyhnhnms, the Yahoos, and the history of ideas, by R. S. Crane.--Locke and Sterne, by E. Tuveson.--Literary criticism and artistic interpretation: eighteenth-century English illustrations of "The seasons," by10aNicolson, Marjorie Hope,d1894-1981. 0aSeventeenth century 0aEighteenth century 0aGreat BritainxIntellectual lifey17th century. 0aGreat BritainxIntellectual lifey18th century.1 aMazzeo, Joseph Anthony,d1923-